[Event "51smm A Ehrenburg-Naturns2"]
[Site "?"]
[Date "2020.01.11"]
[Round "5.2"]
[White "Jedinger, Andreas"]
[Black "Seppi, Alexander"]
[Result "1-0"]
[WhiteElo "2099"]
[BlackElo "1514"]
[PlyCount "95"]
[EventDate "2020.01.11"]

1. e4 e5 2. Nf3 Nc6 3. Bb5 a6 4. Ba4 Nf6 5. O-O d6 6. c3 Be7 7. Re1 O-O 8. h3
Nd7 9. d4 exd4 10. cxd4 Nb6 11. Bb3 Kh8 12. Nc3 f5 13. a3 Bf6 14. Ba2 Re8 15.
Bf4 g5 16. e5 dxe5 17. dxe5 Qxd1 18. Raxd1 Be6 19. exf6 Bxa2 20. Bxc7 Rxe1+ 21.
Rxe1 Nd5 22. Nxa2 Nxc7 23. Nxg5 Rf8 24. Ne6 Nxe6 25. Rxe6 Kg8 26. Nc3 Nd8 27.
Rd6 Nc6 28. Nd5 Rd8 29. Rxd8+ Nxd8 30. Ne7+ Kf7 31. Nxf5 Kxf6 32. Ne3 Ke5 33.
Kf1 Nc6 34. Ke2 Ke4 35. Kd2 b5 36. Kc3 h5 37. Nc2 a5 38. h4 Ne7 39. Ne3 Ng6 40.
a4 bxa4 41. Kc4 Ne5+ 42. Kb5 Nd3 43. Nd1 Nxb2 44. Nxb2 a3 45. Nc4 a2 46. Nd2+
Kd3 47. Nb3 Kc3 48. Ka4 1-0

[Event "51smm A Ehrenburg-Naturns2"]
[Site "?"]
[Date "2020.01.11"]
[Round "5.3"]
[White "Illmer, Markus"]
[Black "Steger, Gerhard"]
[Result "0-1"]
[WhiteElo "1557"]
[BlackElo "1909"]
[PlyCount "64"]
[EventDate "2020.01.11"]

1. d4 c5 2. Nf3 cxd4 3. Qxd4 Nc6 4. Qd1 d5 5. Bf4 f6 6. e3 e5 7. Bg3 Bg4 8. Be2
Qd7 9. c3 Nge7 10. O-O Nf5 11. Qa4 h5 12. h3 Nxg3 13. fxg3 Bxf3 14. Bxf3 e4 15.
Be2 Bc5 16. Qd1 Bxe3+ 17. Kh1 Qf7 18. Rf5 O-O-O 19. Rxh5 Rxh5 20. Bxh5 g6 21.
Be2 Bf2 22. Nd2 Bxg3 23. Nb3 Bb8 24. Nd4 Qc7 25. Qg1 Qe5 26. Rc1 Rh8 27. Bf1 f5
28. Re1 g5 29. Nf3 Qg3 30. Qe3 Bf4 31. Qe2 exf3 32. gxf3 Ne5 0-1

[Event "51smm A Ehrenburg-Naturns2"]
[Site "?"]
[Date "2020.01.11"]
[Round "5.4"]
[White "Babinetz, Rainer"]
[Black "Christanell, Anton"]
[Result "1-0"]
[WhiteElo "1940"]
[BlackElo "1488"]
[PlyCount "63"]
[EventDate "2020.01.11"]

1. d4 d6 2. c4 g6 3. e4 Bg7 4. f4 Nf6 5. Nc3 O-O 6. Nf3 Bg4 7. Be2 e6 8. h3
Bxf3 9. Bxf3 c6 10. O-O Nbd7 11. e5 Ne8 12. b3 d5 13. Ba3 Nc7 14. Bxf8 Bxf8 15.
cxd5 cxd5 16. Rc1 a6 17. Be2 Bh6 18. Bd3 Ne8 19. Ne2 f5 20. Rc2 Nb8 21. Qe1 Nc6
22. a4 Qb6 23. Qc3 Nb4 24. Rd2 Nc6 25. Ra1 Nxe5 26. fxe5 Bxd2 27. Qxd2 Qxb3 28.
Rb1 Qxa4 29. Rxb7 Rc8 30. Re7 Qa3 31. Rxe6 Kf7 32. Rxa6 1-0

[Event "51smm A Ehrenburg-Naturns2"]
[Site "?"]
[Date "2020.01.11"]
[Round "5.6"]
[White "Mairhofer, Lino"]
[Black "Koellemann, Simon"]
[Result "1/2-1/2"]
[WhiteElo "1723"]
[BlackElo "1514"]
[PlyCount "66"]
[EventDate "2020.01.11"]

1. e4 e6 2. c4 c6 3. d4 d5 4. cxd5 cxd5 5. e5 Nc6 6. Nf3 Nge7 7. Nc3 Bd7 8. Be2
Nf5 9. Be3 Qb6 10. Qd2 Rc8 11. O-O Be7 12. a3 Na5 13. Rab1 Nc4 14. Bxc4 Rxc4
15. Ne2 O-O 16. Ng3 Nxe3 17. fxe3 Rfc8 18. Ne1 Bxa3 19. Qf2 Be8 20. Nh5 Bf8 21.
Qg3 Kh8 22. Nf4 Rc1 23. Ned3 Rxb1 24. Rxb1 Rc2 25. Qf3 Bb5 26. Ne1 Rc8 27. Nh3
h6 28. Qxf7 g5 29. Qf3 Bb4 30. Qf6+ Kh7 31. Qf7+ Kh8 32. Qf6+ Kh7 33. Qf7+ Kh8
1/2-1/2

[Event "51smm A Klausen-Groeden"]
[Site "?"]
[Date "2020.01.11"]
[Round "5.1"]
[White "Moroder, Stephan"]
[Black "Schacher, Gerd"]
[Result "0-1"]
[WhiteElo "2278"]
[BlackElo "2143"]
[PlyCount "80"]
[EventDate "2020.01.11"]

1. e4 g6 2. d4 Bg7 3. Nc3 d6 4. Be3 a6 5. h4 Nf6 6. Be2 h5 7. f3 Nc6 8. Qd2 b5
9. Nh3 e5 10. d5 Nd4 11. Bd1 c6 12. dxc6 Nxc6 13. a4 b4 14. Nd5 Nxd5 15. exd5
Ne7 16. a5 Bb7 17. Qxb4 Bxd5 18. c4 Nc6 19. Qb7 Rb8 20. Qxa6 Nb4 21. Qa7 Nc6
22. Qa6 Nb4 23. Qa7 Rb7 24. cxd5 Rxa7 25. Bxa7 Qxh4+ 26. Nf2 Qc4 27. g3 Nxd5
28. Ne4 O-O 29. Ra4 Qa6 30. Bf2 Rb8 31. Be2 Qc6 32. Rc4 Qa8 33. O-O Rxb2 34.
Rfc1 Qxa5 35. Rc8+ Bf8 36. Bc4 Nb6 37. Nf6+ Kg7 38. Ne8+ Kh8 39. Bf1 Nxc8 40.
Rxc8 Qd2 0-1

[Event "51smm A Klausen-Groeden"]
[Site "?"]
[Date "2020.01.11"]
[Round "5.2"]
[White "Seebacher, Michael"]
[Black "Demetz, Rainer"]
[Result "1/2-1/2"]
[WhiteElo "1978"]
[BlackElo "2170"]
[PlyCount "71"]
[EventDate "2020.01.11"]

1. e4 d6 2. d4 Nf6 3. Nc3 g6 4. Be3 c6 5. a4 Bg7 6. f3 Nbd7 7. Qd2 Qa5 8. Nge2
h5 9. Nc1 Qc7 10. a5 e5 11. Nb3 exd4 12. Nxd4 O-O 13. Be2 Nc5 14. O-O Ne6 15.
Rfd1 Nxd4 16. Bxd4 Be6 17. Qf4 Qe7 18. Qg5 Rfe8 19. f4 c5 20. Bf2 Bg4 21. Bxg4
Nxg4 22. Qxe7 Rxe7 23. Rxd6 Nxf2 24. Kxf2 Bxc3 25. bxc3 Rxe4 26. g3 Rae8 27.
Rd2 h4 28. Rb1 R8e7 29. Rb5 Rc4 30. Rd5 hxg3+ 31. hxg3 Rc7 32. Rd8+ Kg7 33. Rb8
Rxc3 34. R5xb7 Rxc2+ 35. Kf3 Rc3+ 36. Kf2 1/2-1/2

[Event "51smm A Klausen-Groeden"]
[Site "?"]
[Date "2020.01.11"]
[Round "5.3"]
[White "Bernardi, Ruben"]
[Black "Seebacher, Reinhard"]
[Result "1/2-1/2"]
[WhiteElo "2101"]
[BlackElo "1909"]
[PlyCount "80"]
[EventDate "2020.01.11"]

1. e4 b6 2. d4 Bb7 3. Bd3 e6 4. Qe2 c5 5. d5 Ne7 6. c4 e5 7. f4 exf4 8. Nh3 Ng6
9. O-O d6 10. Nd2 Nd7 11. Nf3 Be7 12. Nxf4 O-O 13. a4 Nde5 14. Nxg6 Nxg6 15. e5
Nxe5 16. Nxe5 dxe5 17. Qe4 g6 18. Bh6 f5 19. Qxe5 Rf7 20. Rae1 Bd6 21. Qe3 Re7
22. Qd2 Rxe1 23. Qxe1 Qf6 24. Rf3 Be5 25. Kh1 Bd4 26. Bxf5 gxf5 27. Rg3+ Kf7
28. Rg7+ Qxg7 29. Qe6+ Kf8 30. Qxf5+ Kg8 31. Bxg7 Bxg7 32. Qe6+ Kh8 33. b3 Rf8
34. h3 Bc8 35. Qe7 Kg8 36. g4 h5 37. d6 h4 38. Kg2 Bf6 39. Qe4 Bd7 40. g5 Bd4
1/2-1/2

[Event "51smm A Klausen-Groeden"]
[Site "?"]
[Date "2020.01.11"]
[Round "5.4"]
[White "Schrott, Johann"]
[Black "Moroder, Thomas"]
[Result "0-1"]
[WhiteElo "1812"]
[BlackElo "1984"]
[PlyCount "109"]
[EventDate "2020.01.11"]

1. e4 c5 2. Nf3 d6 3. d4 cxd4 4. Nxd4 Nf6 5. Nc3 a6 6. Be2 e5 7. Nb3 Be6 8. Be3
Be7 9. O-O O-O 10. Kh1 b5 11. a3 Nbd7 12. f4 Qc7 13. Nd2 exf4 14. Bxf4 Ne5 15.
Qe1 Rac8 16. Rd1 Rfe8 17. Qg3 Ng6 18. Be3 d5 19. Qxc7 Rxc7 20. exd5 Nxd5 21.
Bd4 Bf6 22. Bxf6 Nxf6 23. Bf3 Ne5 24. Rde1 Nxf3 25. Rxf3 Rd8 26. Rf2 Ng4 27.
Rfe2 h5 28. h3 Nh6 29. Nf3 Nf5 30. Kh2 Nd4 31. Nxd4 Rxd4 32. Kg1 b4 33. axb4
Rxb4 34. Nd1 Rd7 35. c3 Rb3 36. Rf2 g6 37. Ne3 Rd3 38. Kh2 a5 39. Nf1 Rd5 40.
Ne3 Rdb5 41. Ree2 g5 42. g3 Kg7 43. h4 a4 44. hxg5 a3 45. bxa3 Rxc3 46. Nc2
Rxg5 47. Nd4 Bd5 48. Nf5+ Kh7 49. Ne3 Be6 50. Rf3 Rxa3 51. Kg2 h4 52. Kh2 Bg4
53. Rxf7+ Kg6 54. Ref2 hxg3+ 55. Kxg3 0-1

[Event "51smm A Klausen-Groeden"]
[Site "?"]
[Date "2020.01.11"]
[Round "5.5"]
[White "Grossi, Christian"]
[Black "Schrott, Ernst"]
[Result "1/2-1/2"]
[WhiteElo "1858"]
[BlackElo "1867"]
[PlyCount "136"]
[EventDate "2020.01.11"]

1. d4 Nf6 2. c4 c5 3. d5 b5 4. cxb5 a6 5. e3 Bb7 6. Nc3 e6 7. bxa6 Nxa6 8. Bc4
exd5 9. Nxd5 Nxd5 10. Bxd5 Bxd5 11. Qxd5 Nb4 12. Qc4 Be7 13. Bd2 O-O 14. Bxb4
cxb4 15. Qb3 Qa5 16. Ne2 Qa6 17. Nf4 Rfc8 18. Nd3 Qc4 19. Qxc4 Rxc4 20. Kd2 Rc7
21. Rhc1 Rca7 22. Rc4 Rxa2 23. Rxa2 Rxa2 24. Kc2 Ra1 25. Rc7 g5 26. Rxd7 Kf8
27. Kb3 Rg1 28. g3 Rg2 29. h3 Rh2 30. Rd5 Rxh3 31. Nxb4 h5 32. Nc6 Bf6 33. Ne5
Kg7 34. Nd3 h4 35. gxh4 gxh4 36. Kc4 Rh1 37. b4 h3 38. Rh5 h2 39. f4 Kg6 40.
Rh3 Be7 41. Nf2 Rb1 42. Rxh2 Rxb4+ 43. Kd3 Rb3+ 44. Kd4 Bd8 45. Nd3 Bb6+ 46.
Kc4 Ra3 47. e4 f6 48. f5+ Kf7 49. Rh7+ Kg8 50. Rd7 Be3 51. e5 fxe5 52. Nxe5
Ra4+ 53. Kd3 Bg5 54. Rd6 Bh4 55. Nc4 Kf7 56. Ne5+ Ke7 57. Re6+ Kf8 58. Ng6+ Kf7
59. Nxh4 Rxh4 60. Ke3 Ra4 61. Kf3 Rb4 62. Re4 Rb1 63. Kf4 Rf1+ 64. Ke5 Ra1 65.
Re2 Ra5+ 66. Kf4 Ra4+ 67. Kg5 Ra1 68. Rf2 Rg1+ 1/2-1/2

[Event "51smm A Klausen-Groeden"]
[Site "?"]
[Date "2020.01.11"]
[Round "5.6"]
[White "Haller, Quentin"]
[Black "Casadio, Niccolo"]
[Result "0-1"]
[WhiteElo "1797"]
[BlackElo "1879"]
[PlyCount "156"]
[EventDate "2020.01.11"]

1. d4 e6 2. Bf4 Nf6 3. e3 d5 4. Nf3 Bd6 5. Bg3 O-O 6. Nbd2 c5 7. c3 b6 8. Be2
Bb7 9. O-O Bxg3 10. hxg3 Nc6 11. a3 a5 12. Bb5 Ne7 13. Ne5 Nf5 14. g4 Nd6 15.
Bd3 Nfe4 16. Nxe4 dxe4 17. Be2 Rc8 18. g5 Nf5 19. dxc5 Qxg5 20. c6 Bxc6 21.
Nxc6 Rxc6 22. Qd7 Rd6 23. Qb5 Rd5 24. Qc4 Re5 25. Qc6 Nh4 26. g3 Nf5 27. Kg2
Rd5 28. Rad1 Nh4+ 29. Kg1 Nf3+ 30. Bxf3 exf3 31. Rxd5 exd5 32. Qd6 Qf5 33. Qf4
Qc2 34. Qxf3 Qxb2 35. Qxd5 Qxa3 36. Qd4 Qb3 37. Qd3 Rc8 38. Rb1 Qe6 39. Qa6 h6
40. Rxb6 Qf5 41. Rb5 Rc5 42. c4 Qh5 43. Kg2 Qf5 44. Qxa5 Qe4+ 45. Kg1 Rxc4 46.
Rc5 Rxc5 47. Qxc5 g5 48. Qc8+ Kg7 49. Qc3+ Kg6 50. Qa5 Kh5 51. Qc7 Qf3 52. Qc4
Kg6 53. Qd3+ Qf5 54. Qd6+ f6 55. Qe7 Qe5 56. Qb4 h5 57. Qc4 Qe8 58. Qd3+ Kh6
59. Qd6 Kg7 60. Qc7+ Kg6 61. Qc2+ f5 62. Qc5 h4 63. Qd6+ Kh5 64. gxh4 gxh4 65.
Qf6 Qe4 66. Qf7+ Kg4 67. Qg6+ Kh3 68. Kf1 Qc4+ 69. Ke1 Qg4 70. Qc6 Kh2 71. Qd6+
Kg1 72. Qd5 h3 73. f3 Qg3+ 74. Ke2 Qf2+ 75. Kd3 h2 76. Qg8+ Qg2 77. Qb3 h1=Q
78. Qd1+ Qf1+ 0-1

[Event "51smm A Richter/LASK-Deutschnofen"]
[Site "?"]
[Date "2020.01.11"]
[Round "5.1"]
[White "Dappiano, Andrea"]
[Black "De Eccher, Stefano"]
[Result "1/2-1/2"]
[WhiteElo "2272"]
[BlackElo "2178"]
[PlyCount "82"]
[EventDate "2020.01.11"]

{400MB, book.ctg} 1. e4 {[%emt 0:00:00]} 1... c5 {[%emt 0:00:00]} 2. Nf3 {
[%emt 0:00:00]} 2... d6 {[%emt 0:00:02]} 3. Bb5+ {[%emt 0:00:00]} 3... Bd7 {
[%emt 0:00:00]} 4. Bxd7+ {[%emt 0:00:02]} 4... Qxd7 {[%emt 0:00:00]} 5. c4 {
[%emt 0:00:06]} 5... Nc6 {[%emt 0:00:00]} 6. Nc3 {[%emt 0:00:05]} 6... Nf6 {
[%emt 0:00:00]} 7. d4 {[%emt 0:00:00]} 7... cxd4 {[%emt 0:00:00]} 8. Nxd4 {
[%emt 0:00:00]} 8... e6 {[%emt 0:00:03]} 9. O-O {[%emt 0:00:00]} 9... Be7 {
[%emt 0:00:00]} 10. Be3 {[%emt 0:00:00]} 10... O-O {[%emt 0:00:00]} 11. f3 {
[%emt 0:00:00]} 11... Rfd8 {[%emt 0:00:00]} 12. Qe2 {[%emt 0:00:00]} 12... a6 {
[%emt 0:00:00]} 13. Rfd1 {[%emt 0:00:00]} 13... Rac8 {[%emt 0:00:00]} 14. Rac1
{[%emt 0:00:00]} 14... Nxd4 {[%emt 0:00:00]} 15. Bxd4 {[%emt 0:00:01]} 15...
Qc6 {[%emt 0:00:00]} 16. b3 {[%emt 0:00:00]} 16... Nd7 {[%emt 0:00:00]} 17. Nd5
{[%emt 0:00:00]} 17... Bf8 {[%emt 0:00:00]} 18. Ne3 {[%emt 0:00:00]} 18... Be7
{[%emt 0:00:00]} 19. Nd5 {[%emt 0:00:00]} 19... Bf8 {[%emt 0:00:00]} 20. Ne3 {
[%emt 0:00:00]} 20... Be7 {[%emt 0:00:00]} 21. Rc2 {[%emt 0:00:00]} 21... Kf8 {
[%emt 0:00:00]} 22. Kh1 {[%emt 0:00:00]} 22... Rb8 {[%emt 0:00:00]} 23. Qf2 {
[%emt 0:00:00]} 23... b6 {[%emt 0:00:00]} 24. Rcd2 {[%emt 0:00:00]} 24... b5 {
[%emt 0:00:00]} 25. Qg3 {[%emt 0:00:00]} 25... Nf6 {[%emt 0:00:00]} 26. Rc2 {
[%emt 0:00:00]} 26... Rbc8 {[%emt 0:00:00]} 27. Ng4 {[%emt 0:00:00]} 27... bxc4
{[%emt 0:00:00]} 28. Bxf6 {[%emt 0:00:00]} 28... Bxf6 {[%emt 0:00:01]} 29. Nxf6
{[%emt 0:00:00]} 29... gxf6 {[%emt 0:00:01]} 30. Rxc4 {[%emt 0:00:03]} 30...
Qb6 {[%emt 0:00:00]} 31. Rdc1 {[%emt 0:00:00]} 31... Rxc4 {[%emt 0:00:00]} 32.
Rxc4 {[%emt 0:00:00]} 32... d5 {[%emt 0:00:01]} 33. exd5 {[%emt 0:00:00]} 33...
Rxd5 {[%emt 0:00:01]} 34. Rc8+ {[%emt 0:00:18]} 34... Ke7 {[%emt 0:00:00]} 35.
Rc7+ {[%emt 0:00:00]} 35... Kd8 {[%emt 0:00:00]} 36. Rc1 {[%emt 0:00:00]} 36...
Qd6 {[%emt 0:00:00]} 37. Qg8+ {[%emt 0:00:00]} 37... Ke7 {[%emt 0:00:00]} 38.
h3 {[%emt 0:00:00]} 38... Rd2 {[%emt 0:00:00]} 39. Qc8 {[%emt 0:00:00]} 39...
Rd1+ {[%emt 0:00:00]} 40. Rxd1 {[%emt 0:00:00]} 40... Qxd1+ {[%emt 0:00:00]}
41. Kh2 {[%emt 0:00:02]} 41... Qd6+ {[%emt 0:00:00]} 1/2-1/2

[Event "51smm A Richter/LASK-Deutschnofen"]
[Site "?"]
[Date "2020.01.11"]
[Round "5.2"]
[White "Franchini, Gabriele"]
[Black "Zamengo, Fulvio"]
[Result "0-1"]
[WhiteElo "2230"]
[BlackElo "2303"]
[PlyCount "72"]
[EventDate "2020.01.11"]

{400MB, book.ctg} 1. e4 {[%emt 0:00:00]} 1... e6 {[%emt 0:00:00]} 2. d4 {
[%emt 0:00:00]} 2... d5 {[%emt 0:00:00]} 3. Nd2 {[%emt 0:00:05]} 3... c5 {
[%emt 0:00:00]} 4. exd5 {[%emt 0:00:06]} 4... Qxd5 {[%emt 0:00:00]} 5. Ngf3 {
[%emt 0:00:00]} 5... cxd4 {[%emt 0:00:00]} 6. Bc4 {[%emt 0:00:00]} 6... Qd7 {
[%emt 0:00:07]} 7. O-O {[%emt 0:00:00]} 7... Nc6 {[%emt 0:00:00]} 8. Nb3 {
[%emt 0:00:00]} 8... a6 {[%emt 0:00:00]} 9. Nfxd4 {[%emt 0:00:00]} 9... Nxd4 {
[%emt 0:00:00]} 10. Nxd4 {[%emt 0:00:00]} 10... b5 {[%emt 0:00:00]} 11. Be2 {
[%emt 0:00:00]} 11... Bb7 {[%emt 0:00:00]} 12. Bf3 {[%emt 0:00:00]} 12... Rd8 {
[%emt 0:00:00]} 13. Qe2 {[%emt 0:00:09]} 13... Nf6 {[%emt 0:00:11]} 14. Bg5 {
[%emt 0:00:00]} 14... Bxf3 {[%emt 0:00:00]} 15. Nxf3 {[%emt 0:00:01]} 15... Be7
{[%emt 0:00:00]} 16. a4 {[%emt 0:00:00]} 16... O-O {[%emt 0:00:00]} 17. axb5 {
[%emt 0:00:00]} 17... axb5 {[%emt 0:00:00]} 18. Ra5 {[%emt 0:00:05]} 18... b4 {
[%emt 0:00:06]} 19. Ne5 {[%emt 0:00:03]} 19... Qc7 {[%emt 0:00:08]} 20. Rfa1 {
[%emt 0:00:28]} 20... Rd5 {[%emt 0:00:00]} 21. Rxd5 {[%emt 0:00:28]} 21... Nxd5
{[%emt 0:00:00]} 22. Bxe7 {[%emt 0:00:03]} 22... Nxe7 {[%emt 0:00:00]} 23. g3 {
[%emt 0:00:23]} 23... Rc8 {[%emt 0:00:00]} 24. b3 {[%emt 0:00:00]} 24... h6 {
[%emt 0:00:00]} 25. Nc4 {[%emt 0:00:00]} 25... Nf5 {[%emt 0:00:00]} 26. Qe4 {
[%emt 0:00:00]} 26... Qc5 {[%emt 0:00:00]} 27. Ra8 {[%emt 0:00:00]} 27... Rxa8
{[%emt 0:00:02]} 28. Qxa8+ {[%emt 0:00:00]} 28... Kh7 {[%emt 0:00:01]} 29. Qe4
{[%emt 0:00:00]} 29... Qd4 {[%emt 0:00:00]} 30. Qe2 {[%emt 0:00:00]} 30... Qa1+
{[%emt 0:00:00]} 31. Kg2 {[%emt 0:00:00]} 31... Nd4 {[%emt 0:00:00]} 32. Qd2 {
[%emt 0:00:00]} 32... Qa8+ {[%emt 0:00:02]} 33. Kh3 {[%emt 0:00:40]} 33... Nf3
{[%emt 0:00:00]} 34. Qd3+ {[%emt 0:00:00]} 34... f5 {[%emt 0:00:00]} 35. g4 {
[%emt 0:00:00]} 35... Ne1 {[%emt 0:00:00]} 36. Qg3 {[%emt 0:00:00]} 36... f4 {
[%emt 0:00:02]} 0-1

[Event "51smm A Richter/LASK-Deutschnofen"]
[Site "?"]
[Date "2020.01.11"]
[Round "5.3"]
[White "Micheli, Carlo"]
[Black "Moncher, Stefano"]
[Result "1-0"]
[WhiteElo "2236"]
[BlackElo "2181"]
[PlyCount "85"]
[EventDate "2020.01.11"]

1. e4 e6 2. d4 d5 3. e5 c5 4. c3 Nc6 5. Nf3 Qb6 6. a3 c4 7. Be2 Bd7 8. O-O f6
9. Qc2 Nge7 10. Bf4 Ng6 11. Bg3 f5 12. h4 Be7 13. h5 Nf8 14. Bf4 Qd8 15. Qc1
Rg8 16. Ng5 h6 17. Nh3 Qb6 18. Nd2 Na5 19. Bd1 Rc8 20. Re1 Kd8 21. Rb1 Nb3 22.
Nxb3 cxb3 23. Qd2 a5 24. Rc1 a4 25. c4 dxc4 26. d5 exd5 27. Qxd5 Qe6 28. Qxb7
Qc6 29. Qxc6 Rxc6 30. Bf3 Rc5 31. Be3 Rc8 32. Nf4 g5 33. hxg6 Ne6 34. Bd5 Nxf4
35. Bxg8 Be6 36. Red1+ Ke8 37. Bf7+ Bxf7 38. gxf7+ Kxf7 39. Bxf4 Bxa3 40. bxa3
c3 41. Rd7+ Ke8 42. Rb7 Rc4 43. g3 1-0

[Event "51smm A Richter/LASK-Deutschnofen"]
[Site "?"]
[Date "2020.01.11"]
[Round "5.4"]
[White "Bevilacqua, Maurizio"]
[Black "Gallana, Marco"]
[Result "0-1"]
[WhiteElo "2048"]
[BlackElo "2192"]
[PlyCount "182"]
[EventDate "2020.01.11"]

{400MB, book.ctg} 1. c4 {[%emt 0:00:00]} 1... c5 {[%emt 0:00:00]} 2. g3 {
[%emt 0:00:00]} 2... g6 {[%emt 0:00:00]} 3. Bg2 {[%emt 0:00:08]} 3... Bg7 {
[%emt 0:00:00]} 4. Nc3 {[%emt 0:00:00]} 4... Nc6 {[%emt 0:00:00]} 5. a3 {
[%emt 0:00:18]} 5... e6 {[%emt 0:00:00]} 6. Rb1 {[%emt 0:00:00]} 6... Nge7 {
[%emt 0:00:00]} 7. e4 {[%emt 0:00:00]} 7... d6 {[%emt 0:00:00]} 8. Nge2 {
[%emt 0:00:00]} 8... O-O {[%emt 0:00:00]} 9. d3 {[%emt 0:00:00]} 9... a6 {
[%emt 0:00:00]} 10. O-O {[%emt 0:00:00]} 10... Nd4 {[%emt 0:00:00]} 11. Bd2 {
[%emt 0:00:00]} 11... Nec6 {[%emt 0:00:00]} 12. b4 {[%emt 0:00:11]} 12... Ne5 {
[%emt 0:00:04]} 13. Nc1 {[%emt 0:00:00]} 13... cxb4 {[%emt 0:00:00]} 14. axb4 {
[%emt 0:00:00]} 14... b5 {[%emt 0:00:00]} 15. f4 {[%emt 0:00:00]} 15... Nec6 {
[%emt 0:00:00]} 16. e5 {[%emt 0:00:00]} 16... dxe5 {[%emt 0:00:08]} 17. fxe5 {
[%emt 0:00:00]} 17... Bd7 {[%emt 0:00:00]} 18. Ne4 {[%emt 0:00:00]} 18... Nxe5
{[%emt 0:00:00]} 19. Bg5 {[%emt 0:00:08]} 19... Qc7 {[%emt 0:00:05]} 20. c5 {
[%emt 0:00:00]} 20... Bc6 {[%emt 0:00:00]} 21. Ne2 {[%emt 0:00:07]} 21... Nf5 {
[%emt 0:00:06]} 22. Nf4 {[%emt 0:00:00]} 22... h6 {[%emt 0:00:00]} 23. Bf6 {
[%emt 0:00:06]} 23... Bxe4 {[%emt 0:00:25]} 24. dxe4 {[%emt 0:00:00]} 24... Ne3
{[%emt 0:00:04]} 25. Qe2 {[%emt 0:00:08]} 25... Nxf1 {[%emt 0:00:00]} 26. Bxg7
{[%emt 0:00:28]} 26... Kxg7 {[%emt 0:00:00]} 27. Rxf1 {[%emt 0:00:00]} 27...
Nc4 {[%emt 0:00:00]} 28. e5 {[%emt 0:00:00]} 28... Qxe5 {[%emt 0:00:00]} 29.
Bxa8 {[%emt 0:00:04]} 29... Qxe2 {[%emt 0:00:25]} 30. Nxe2 {[%emt 0:00:00]}
30... Rxa8 {[%emt 0:00:00]} 31. Ra1 {[%emt 0:00:00]} 31... Ne5 {[%emt 0:00:00]}
32. Nc3 {[%emt 0:00:06]} 32... Nc6 {[%emt 0:00:14]} 33. Nxb5 {[%emt 0:00:00]}
33... Nxb4 {[%emt 0:00:27]} 34. Nd6 {[%emt 0:00:00]} 34... a5 {[%emt 0:00:00]}
35. Ra4 {[%emt 0:00:00]} 35... Nc6 {[%emt 0:00:00]} 36. Kf2 {[%emt 0:00:00]}
36... Rb8 {[%emt 0:00:00]} 37. h4 {[%emt 0:00:00]} 37... f5 {[%emt 0:00:00]}
38. Ke3 {[%emt 0:00:00]} 38... Rb3+ {[%emt 0:00:00]} 39. Kf2 {[%emt 0:00:00]}
39... Rb2+ {[%emt 0:00:00]} 40. Kf3 {[%emt 0:00:00]} 40... Rb3+ {[%emt 0:00:00]
} 41. Kf2 {[%emt 0:00:00]} 41... Kf6 {[%emt 0:00:00]} 42. Rc4 {[%emt 0:00:00]}
42... e5 {[%emt 0:00:00]} 43. Rc2 {[%emt 0:00:00]} 43... g5 {[%emt 0:00:00]}
44. hxg5+ {[%emt 0:00:00]} 44... hxg5 {[%emt 0:00:00]} 45. g4 {[%emt 0:00:00]}
45... fxg4 {[%emt 0:00:00]} 46. Ne4+ {[%emt 0:00:00]} 46... Kf5 {[%emt 0:00:00]
} 47. Ng3+ {[%emt 0:00:00]} 47... Kf4 {[%emt 0:00:00]} 48. Rc4+ {[%emt 0:00:00]
} 48... Nd4 {[%emt 0:00:00]} 49. Nh5+ {[%emt 0:00:00]} 49... Kf5 {
[%emt 0:00:04]} 50. c6 {[%emt 0:00:03]} 50... Nxc6 {[%emt 0:00:00]} 51. Rxc6 {
[%emt 0:00:00]} 51... Ke4 {[%emt 0:00:00]} 52. Ng3+ {[%emt 0:00:00]} 52... Kd5
{[%emt 0:00:00]} 53. Ra6 {[%emt 0:00:04]} 53... Ra3 {[%emt 0:00:18]} 54. Nf1 {
[%emt 0:00:00]} 54... a4 {[%emt 0:00:07]} 55. Ne3+ {[%emt 0:00:05]} 55... Ke4 {
[%emt 0:00:00]} 56. Nxg4 {[%emt 0:00:00]} 56... Kf4 {[%emt 0:00:00]} 57. Nf6 {
[%emt 0:00:06]} 57... Ra2+ {[%emt 0:00:19]} 58. Ke1 {[%emt 0:00:00]} 58... g4 {
[%emt 0:00:04]} 59. Nd5+ {[%emt 0:00:01]} 59... Kg3 {[%emt 0:00:11]} 60. Nc3 {
[%emt 0:00:04]} 60... Ra1+ {[%emt 0:00:00]} 61. Kd2 {[%emt 0:00:00]} 61... Kh2
{[%emt 0:00:00]} 62. Rh6+ {[%emt 0:00:00]} 62... Kg2 {[%emt 0:00:04]} 63. Re6 {
[%emt 0:00:05]} 63... g3 {[%emt 0:00:00]} 64. Rxe5 {[%emt 0:00:00]} 64... a3 {
[%emt 0:00:00]} 65. Kc2 {[%emt 0:00:00]} 65... Kf3 {[%emt 0:00:00]} 66. Rg5 {
[%emt 0:00:00]} 66... g2 {[%emt 0:00:00]} 67. Kb3 {[%emt 0:00:05]} 67... Kf2 {
[%emt 0:00:54]} 68. Rf5+ {[%emt 0:00:00]} 68... Ke3 {[%emt 0:00:00]} 69. Rg5 {
[%emt 0:00:00]} 69... Kf2 {[%emt 0:00:00]} 70. Rf5+ {[%emt 0:00:00]} 70... Ke3
{[%emt 0:00:00]} 71. Rg5 {[%emt 0:00:00]} 71... Kf3 {[%emt 0:00:00]} 72. Rg8 {
[%emt 0:00:00]} 72... Rc1 {[%emt 0:00:00]} 73. Na2 {[%emt 0:00:00]} 73... g1=Q
{[%emt 0:00:00]} 74. Rxg1 {[%emt 0:00:00]} 74... Rxg1 {[%emt 0:00:01]} 75. Kxa3
{[%emt 0:00:01]} 75... Rb1 {[%emt 0:00:00]} 76. Nb4 {[%emt 0:00:00]} 76... Ke4
{[%emt 0:00:01]} 77. Ka4 {[%emt 0:00:00]} 77... Kd4 {[%emt 0:00:01]} 78. Nc2+ {
[%emt 0:00:27]} 78... Kc5 {[%emt 0:00:00]} 79. Ka3 {[%emt 0:00:00]} 79... Kc4 {
[%emt 0:00:00]} 80. Ka2 {[%emt 0:00:00]} 80... Rb7 {[%emt 0:00:00]} 81. Ne3+ {
[%emt 0:00:00]} 81... Kd3 {[%emt 0:00:00]} 82. Nd5 {[%emt 0:00:00]} 82... Rb5 {
[%emt 0:00:00]} 83. Nf4+ {[%emt 0:00:00]} 83... Kc3 {[%emt 0:00:00]} 84. Ne2+ {
[%emt 0:00:08]} 84... Kd2 {[%emt 0:00:09]} 85. Nd4 {[%emt 0:00:00]} 85... Rb4 {
[%emt 0:00:00]} 86. Nf3+ {[%emt 0:00:00]} 86... Kc2 {[%emt 0:00:00]} 87. Ne1+ {
[%emt 0:00:00]} 87... Kc3 {[%emt 0:00:00]} 88. Nf3 {[%emt 0:00:00]} 88... Ra4+
{[%emt 0:00:00]} 89. Kb1 {[%emt 0:00:00]} 89... Rf4 {[%emt 0:00:08]} 90. Ne5 {
[%emt 0:00:00]} 90... Rb4+ {[%emt 0:00:00]} 91. Ka1 {[%emt 0:00:10]} 91... Kc2
{[%emt 0:00:00]} 0-1